MDQL
is popping MORE tags! Check the
thread
!
Quizzes
Events
Quiz Creation
Community
Videos
Private Events
Remove Ads
Sign In
Join for FREE
Feedback
Dark Mode
Quiz Categories
Sports
Geography
Music
Movies
Television
Just For Fun
Miscellaneous
History
Literature
Language
Science
Gaming
Entertainment
Religion
Holiday
For Kids
Quiz Lab
Recent
Popular Today
Quiz Kudos Today
Editor Picks
Curator Picks
Quizzes by...
Day
Popularity
Type
Ratings
Length
Year
Community
Subscriptions
Recent Discussions
Orange Saloon
Badges
Playlists
Quests
Create
Leaderboards
Showdown
Live 5
Trivia Bingo
Activity
Puzzle Library
Sporcle Events
Private Events
Virtual Trivia
Globe League
Become a Host
Pub Owners
SporcleCon
Opinionation
Our Games
Videos
Blog
Mobile Apps
Partnerships
Remove Ads and Go Orange
Feedback
History
US Presidents
World Leaders
Politics
Nation
Discovery
War
Decade
Year
Century
Biography
Art
History
US Presidents
World Leaders
Politics
Nation
Discovery
War
Decade
Year
Century
Biography
Art
Random Quiz
Search Sporcle
×
Quiz Lab
Quiz Lab
History
World
Type in answers that appear in a list
Type in answers that appear in a list
Classic
Best Score? Go Orange.
The 7 main countries of World War 2 Stats
Can you name the 7 main countries of World War 2?
By
crazygamer7477
4m
7 Questions
270 Plays
270 Plays
270 Plays
Comments
Comments
Give Quiz Kudos
Give Quiz Kudos
-
- Ratings
hide this ad
More Info
Replay
Link that replays current quiz
Next Quiz
Link to next quiz in quiz playlist
You Got
0%
They Got
Avg Score
97%
Avg Friend Score
Upgrade to see
Score Distribution
Jump to the score distribution portion of the page
Score
0/7
Timer
04:00
0
Plays Today
Alliance
Country
% Correct
AXIS
Nazi Germany
99.3%
ALLIES
USA
98.1%
ALLIES
France
97.4%
AXIS
Italy
96.6%
AXIS
Japan
95.9%
ALLIES
UK
95.9%
COMMUNIST INTERNATIONAL
USSR
95.9%
Quiz Playlist
Details
Report
Send in Message
Add To Playlist
More Info:
Do you know the seven main countries of WWII?
Classic:
Type in answers that appear in a list
Last Updated: Jul 30, 2017
Quiz Scoreboard
CHALLENGE
Sign Up to Join the Scoreboard
Show All
Scores
Hide
Comments
May contain spoilers
Recently Published
Find the 'City' Movie
by crazypaving
Movies
60s
5x2 Blitz: Bands
by SL_Kpop136
Music
30s
Colored Red Africa Blitz
by spor1
Geography
30s
More to Explore
Quiz From the Vault
Featured Blog Post
14 Easter Pick-up Lines to Find Eggs With
hide this ad
You Might Also Like...
Tags
Country Quiz
War Quiz
World Quiz
Today's Top Quizzes in History
Browse History
hide this ad
Today's Top Quizzes in World
Browse World
Top Contributed Quizzes in History
1
Popular People in 1991
2
US National Parks Named After People
3
Popular People in 1981
4
Popular People in 1951
5
Popular People in 1941
6
Complete a popular quote - Maya Angelou
7
Order Up: 1000 Years of World Events I
8
Popular People in 1986
9
Popular People in 1936
10
Popular People in 1926
Explore More
Trending Topics
Anime
Kpop
Disney
Marvel
Crossword
NBA
Harry Potter
Puzzle
Soccer
The Office
NFL
WWE
Song
Country
Pokémon
hide this ad
More By:
crazygamer7477
Quiz
Plays
Rating
Category
Featured
Created
Video Game Symbols
1,936
4.00
Gaming
Dec 27, 2018
Legend Of Zelda Games by Zelda
1,575
4.08
Gaming
Dec 9, 2017
Roller Coaster Elements (Slideshow)
1,510
4.83
Just For Fun
Aug 7, 2019
Remember his name (Undertale)
1,411
4.56
Gaming
Mar 4, 2017
Zelda Games by Link
1,391
4.58
Gaming
Dec 9, 2017
Go to Creator's Profile
Score Distribution
Quiz Creator Spotlight
crazygamer7477
Follow
Send a Message
Quizzes Created
-
Created Quiz Play Count
-
More By This Creator
Popular Quizzes Today
1
Find the 'City' Movie
2
5x2 Blitz: Bands
3
Colored Red Africa Blitz
4
Find the US States - No Outlines Minefield
5
The Countries of the World
6
Find the US States
7
9x9 Crossword: Cartoon Network
8
US States
More History Quizzes
Click the US Presidents by Picture (No Names or Skips)
Quiz Lab
Trending Quizzes
Colored Red Africa Blitz II
Colored Red Europe Blitz I
Colored Red Africa Blitz III
Colored Red Europe Blitz II
Colored Red Europe Blitz III
Recently Updated
Champions League XIs: Real Madrid
pecheneg
Largest US Cities 1790-2010
pecheneg
Rides in Walt Disney World
pecheneg
Most Oscar Losses (Acting)
pecheneg
Beyoncé Albums
pecheneg
Leaping Animals
pecheneg
Reality TV Shows (A-Z)
bhenderson79
Rickey Henderson's Hall of Fame Teammates
pecheneg
Champions League XIs: Arsenal
pecheneg
Quick Pick: Celebrities in WWE's Hall of Fame
aduchscher
Trending Topics
Crossword
Disney
Kpop
Anime
Harry Potter
Marvel
NBA
Puzzle
Pokémon
Soccer
WWE
The Office
NFL
Country
Song
Your Account Isn't Verified!
In order to create a playlist on Sporcle, you need to verify the email address you used during registration. Go to your
Sporcle Settings
to finish the process.
Report this User
Report this user for behavior that violates our
Community Guidelines
.
Details:
Send Report
Go to the Sporcle.com Mobile Site →
Comments